000
00278nam a2200097Ia 4500
001
649706
005
20250826153747.0
008
250824s9999 xx 000 0 und d
245
0
_a
ŞİRİN İSTANBULU GEZİYORUM 19 BELGRAT ORMANINDA
_c
BİRSEN EKİM ÖZEN
260
_b
TİMAŞ ÇOCUK
999
_c
649706
_d
649706